| 000 | 00557cam a2200205ua 4500 | ||
|---|---|---|---|
| 001 | 6091 | ||
| 005 | 20260515113959.0 | ||
| 008 | 131125n ii |||gr||||Z||||||eng | ||
| 040 | _cMAIN | ||
| 082 | _a657.046 | ||
| 245 |
_aAdvanced Accountancy : _bVolume II / _cBy S.N. Maheswari . |
||
| 250 | _a9th ed. | ||
| 260 |
_aNew Delhi: _bVikas Publishing House PVT LTD, _c2000. |
||
| 300 | _axvii,3.303p. | ||
| 653 | _aAccounting | ||
| 653 | _aAdvanced Accountancy | ||
| 700 |
_aMaheswari,S.N., _eAuthor., |
||
| 700 |
_aMaheswari,S.K., _eAuthor. |
||
| 942 | _cBK | ||
| 999 |
_c5239 _d5239 |
||